What's in a Star Trek Name? Quiz Stats

 Plays Quiz Updated May 28, 2019

Score 0/18 Timer 03:00
4 Plays Today
% Correct
Archer
95.7%
Bones
94.7%
Chapel
94.6%
Data
94.2%
Forge
93.8%
Trip
93.7%
Traveler
93.5%
Crusher
92.9%
Reed
92.2%
% Correct
Morn
91.6%
Spot
91.3%
Garrison
90.6%
Pike
89.9%
Brunt
89.4%
Lore
88.7%
Quark
88.6%
Rand
84.9%
Mot
77.5%

You're not logged in!

Compare scores with friends on all Sporcle quizzes.
OR
Log In

Sporcle TV

Today on Sporcle TV


Watch our educational content, quiz creation guides, and fun videos on Sporcle TV.

Show Comments

Extras

Top Quizzes Today


Score Distribution

Your Account Isn't Verified!

In order to create a playlist on Sporcle, you need to verify the email address you used during registration. Go to your Sporcle Settings to finish the process.

Report this User

Report this user for behavior that violates our Community Guidelines.

Details: